| 000 | 00466nam a2200193Ia 4500 | ||
|---|---|---|---|
| 003 | 0100 | ||
| 008 | 130303s9999 xx 000 0 und d | ||
| 040 | _cARRUPELIB | ||
| 050 | _aBT30.A4T34 | ||
| 245 | _aTheology and the Transformation of Africa | ||
| 260 | _aNairobi | ||
| 260 | _bPaulines | ||
| 260 | _C2000 | ||
| 300 | _a111p. | ||
| 300 | _b 21cm | ||
| 440 | _aTangaza Occasional Paper ; no.10 | ||
| 700 | _aShorter, Aylward (et.al) | ||
| 942 |
_2lcc _02 |
||
| 999 |
_c58673 _d58673 |
||